000 00706nam a2200181Ia 4500
008 151018s9999 xx 000 0 und d
082 _bRBASDV38181
_a891.463
100 _aवैशाली चिटणीस
245 _aम्हणी आणि म्हणीच्या गोष्टी
250 _b1
260 _bजयदीप प्रकाशन पुणे
300 _a38
600 _aवैशाली चिटणीस
630 _aम्हणी आणि म्हणीच्या गोष्टी
700 _aवैशाली चिटणीस
730 _aम्हणी आणि म्हणीच्या गोष्टी
942 _cBOOK
999 _c1037590
_d1037587